| 000 | 01042nam a2200229Ii 4500 | ||
|---|---|---|---|
| 003 | JO-AjNU | ||
| 008 | 230605s9999||||xx |||||||||||||| ||und|| | ||
| 017 | _a2012/5/1731 | ||
| 020 | _a978-9957-89-064-3 | ||
| 040 |
_aJO-AjNU _bara _erda _cJO-AjNU |
||
| 041 | _aara | ||
| 050 | 1 | 4 | _aK7690.B25.2012 |
| 100 | 3 |
_a بني مقداد ، محمد علي , _eauthor _942709 |
|
| 245 | 0 | 0 | _aالطريق القويم للاتفاق على التحكيم : دراسة نظرية تطبيقية مقارنة |
| 250 | _aط1 | ||
| 264 | 3 | 1 | _aاربد: مؤسسة حمادة 2012، عمان : دار اليازوري ، 2012 |
| 300 |
_a355ص _bيشتمل على ملاحق ص ( 285 -347 ) / يشتمل على قائمة المراجع الببلوغرافية باللغة العربية والإنجليزية ص ( 348 - 355 ) |
||
| 336 |
_atext _btxt _2rdacontent |
||
| 337 |
_aunmediated _bn _2rdamedia |
||
| 338 |
_avolume _bnc _2rdacarrier |
||
| 650 | 4 |
_aالتحكيم -- قوانين وتشريعات -- التحكيم التجاري _942710 |
|
| 999 |
_aA18308 _c21876 _d21876 |
||